Dans les recoins de la palette – Dixième partie : vers une autre vision (notice n° 1913675)

détails MARC
000 -LEADER
fixed length control field 02119cam a2200229 4500500
005 - DATE AND TIME OF LATEST TRANSACTION
control field 20260329021603.0
041 ## - LANGUAGE CODE
Language code of text/sound track or separate title fre
042 ## - AUTHENTICATION CODE
Authentication code dc
100 10 - MAIN ENTRY--PERSONAL NAME
Personal name Chanel, Jean-Paul
Relator term author
245 00 - TITLE STATEMENT
Title Dans les recoins de la palette – Dixième partie : vers une autre vision
260 ## - PUBLICATION, DISTRIBUTION, ETC.
Date of publication, distribution, etc. 2024.<br/>
500 ## - GENERAL NOTE
General note 19
520 ## - SUMMARY, ETC.
Summary, etc. Patient stories appear in the international scientific press, whether they are produced by doctors themselves affected by the disease, directly by patients, or transcribed by journalists, anthropologists or sociologists [1]. After his experience of his “blindness” [2], his childhood years, his adolescence, his denial of the difficulties faced with his ambition to become a teacher, then his view of reality and his beautiful years of visual enjoyment, the painful loss of a precious baggage, its adaptation with the birth of new hopes Jean Paul Channel evokes in this 10th and final part the discovery of a new type of vision thanks to a retinal implant.
520 ## - SUMMARY, ETC.
Summary, etc. Les récits de patients apparaissent dans la presse scientifique internationale, qu’ils soient produits par des médecins eux-mêmes affectés par la maladie, directement par des malades, ou retranscrits par des journalistes, des anthropologues ou des sociologues [1]. Après son vécu de sa « cécitude » [2], ses années d’enfance, son adolescence, son déni des difficultés face à son ambition de devenir instituteur, puis son regard sur la réalité et ses belles années de jouissance visuelle, la perte douloureuse d’un précieux bagage, son adaptation avec la naissance de nouveaux espoirs Jean Paul Channel évoque dans cette 10e et dernière partie la découverte d’un nouveau type de vision grâce à un implant rétinien.
690 ## - LOCAL SUBJECT ADDED ENTRY--TOPICAL TERM (OCLC, RLIN)
Topical term or geographic name as entry element cécité
690 ## - LOCAL SUBJECT ADDED ENTRY--TOPICAL TERM (OCLC, RLIN)
Topical term or geographic name as entry element expérience du vécu de la maladie
690 ## - LOCAL SUBJECT ADDED ENTRY--TOPICAL TERM (OCLC, RLIN)
Topical term or geographic name as entry element Blindness
690 ## - LOCAL SUBJECT ADDED ENTRY--TOPICAL TERM (OCLC, RLIN)
Topical term or geographic name as entry element Patient’s Lived Experience of Disease
700 10 - ADDED ENTRY--PERSONAL NAME
Personal name Charles, Rodolphe
Relator term author
786 0# - DATA SOURCE ENTRY
Note Médecine | 20 | 9 | 2024-12-12 | p. 429-432 | 1777-2044
856 41 - ELECTRONIC LOCATION AND ACCESS
Uniform Resource Identifier <a href="https://stm.cairn.info/revue-medecine-2024-9-page-429?lang=fr&redirect-ssocas=7080">https://stm.cairn.info/revue-medecine-2024-9-page-429?lang=fr&redirect-ssocas=7080</a>

Pas d'exemplaire disponible.

PLUDOC

PLUDOC est la plateforme unique et centralisée de gestion des bibliothèques physiques et numériques de Guinée administré par le CEDUST. Elle est la plus grande base de données de ressources documentaires pour les Étudiants, Enseignants chercheurs et Chercheurs de Guinée.

Adresse

627 919 101/664 919 101

25 boulevard du commerce
Kaloum, Conakry, Guinée

Réseaux sociaux

Powered by Netsen Group @ 2025